| 000 | 00474nam a2200169 i 4500 | ||
|---|---|---|---|
| 001 | 142688 | ||
| 003 | ES-MaACL | ||
| 005 | 20230906200608.0 | ||
| 007 | t| | ||
| 008 | 071009s1931 fr ||||1| fre d | ||
| 100 | 1 |
_aVilmorin, Philippe. _9115288 |
|
| 245 | 1 | 0 |
_aManuel de floriculture / _cPhilippe Vilmorin. |
| 260 |
_aParis : _b[s.n.], _c1931 ( _fBrodard et Taupin) |
||
| 300 |
_aVIII, 418 p. ; _c19 cm. |
||
| 650 | 4 |
_aFloricultura. _912912 |
|
| 852 |
_aES-MaACL _jF-13852 |
||
| 999 |
_c142688 _d142688 |
||